Súhvezdie Eva

Podrobná bibliografia
Hlavný autor: Juraj 8X (Autor)
Médium: Kniha
Jazyk:slovenčina
Fyzický popis:421 s. 17 cm
Vydavateľské údaje: Bratislava RJAR 2015
ISBN:9788097173647
Edícia:Edícia 69
Predmet:

MARC

LEADER 00000cam a2200000 a 4500
001 vtls011469096
003 SK-MaSNL
005 20260301175928.0
008 240313s2015 xo g 000 f slo
015 |a SNBA2017/07 
020 |a 9788097173647  |q (brož.) 
035 |a 0AD3E90A-3817-48FE-8730-22BAFC70FEDB 
035 |a urn:nbn:sk:snk-am3ib8j 
035 |a urn:nbn:sk:snk-am00e0pa 
040 |a SNK  |b slo  |c SNK  |e AACR2 
041 0 |a slo 
044 |a xo  |c SK 
072 7 |a 821.162.4-3  |x Slovenská próza  |2 konspekt 
080 |a 821.162.4-31  |2 2011 
100 0 |a Juraj 8X  |4 aut  |9 174682 
245 1 0 |a Súhvezdie Eva  |c Juraj 8X 
260 |a Bratislava  |b RJAR  |c 2015 
300 |a 421 s.  |c 17 cm 
490 1 |a Edícia 69 
655 7 |a slovenské romány  |2 SNKPH  |9 70324 
655 7 |a Slovak fiction  |2 SNKPHeng  |9 277096 
830 0 |a Edícia 69  |9 425062 
919 |a 978-80-971736-4-7 
958 |a LX 
999 |c 844528  |d 846458 
952 |a SNK  |b SNK  |y PREZ  |7 0  |p 17A1261153  |o snkSD 86366  |i snk2017/14804  |8 0  |0 0  |1 0  |4 0  |d 2017-06-23  |f 1  |l 0  |r 2026-02-24 04:22:44  |w 2026-02-24 
952 |a SNK  |b SNK  |y PREZ  |7 0  |p 17A1261154  |o snkSD 86366 D1  |i snk2017/14805  |8 0  |0 0  |1 0  |4 0  |d 2017-06-23  |l 0  |r 2026-02-24 04:22:44  |w 2026-02-24